Environmental law and policy in the Pacific basin area (Бичлэгийн дугаар. 145393)
| 000 -УДИРДЛАГА | |
|---|---|
| Удирдлага | 00875nam a22002777a 4500 |
| 003 - ХЯНАЛТЫН ТОО ТОДОРХОЙЛОГЧ | |
| Код | MN-UlNUM |
| 005 - БИЧИЛТ ХИЙСЭН ОГНОО | |
| Тухайн бичилтийг бичсэн засварласан сүүлийн огноо | 20251106173426.0 |
| 008 - ЕРӨНХИЙ МЭДЭЭЛЭЛ | |
| Ерөнхий мэдээлэл | 191114s1985 ja a b z001 0 eng |
| 020 ## - ISBN | |
| ISBN | 0860082857 |
| 040 ## - БИЧЛЭГ ҮҮСГЭГЧ БАЙГУУЛЛАГА | |
| Бичлэг үүсгэгч номын сангийн код | МУИС-ийн номын сан |
| 084 ## - ББК АНГИЛАЛ | |
| Нэмэлт тусгалт | Бусад |
| ББК ангилал | 67.405 |
| Зохиогчийн гурван тэмдэгт | E 58 |
| Мэдлэгийн ялгаа | 67 - Төр эрх, хууль |
| 245 00 - ҮНДСЭН ГАРЧИГ | |
| Номын нэр | Environmental law and policy in the Pacific basin area |
| Оролцогчдын тухай мэдээ | edited by Ichirō Katō, Nobuo Kumamoto, and William H. Matthews |
| 260 ## - ГАРАЛТЫН МЭДЭЭ | |
| Хэвлэгдсэн газар | [Tokyo] : |
| Хэвлэлийн газар | University of Tokyo Press |
| Хэвлэгдсэн он | 1981 |
| 300 ## - МАТЕРИАЛЫН ТОДОРХОЙЛОЛТ | |
| хуудасны тоо | ix, 244 p. : |
| Хэмжээ | 24 cm |
| 500 ## - Тайлбар | |
| Дансны дугаар | БС 5676 |
| 546 ## - ХЭЛНИЙ ТУХАЙ МЭДЭЭ | |
| Хэл | Англи хэл дээр, |
| 653 ## - Түлхүүр үг | |
| Түлхүүр үг | environmental law |
| 653 ## - Түлхүүр үг | |
| Түлхүүр үг | pacific area |
| 653 ## - Түлхүүр үг | |
| Түлхүүр үг | environmental policy |
| 700 1# - ХАМ ЗОХИОГЧИД | |
| Ба бус | Katō, Ichirō |
| Dates associated with a name | 1922-2008 |
| 700 1# - ХАМ ЗОХИОГЧИД | |
| Ба бус | Kumamoto, Nobuo |
| Dates associated with a name | 1935- |
| 700 1# - ХАМ ЗОХИОГЧИД | |
| Ба бус | Matthews, William Henry |
| Dates associated with a name | 1942- |
| 942 ## - ЭЛЕМЕНТИЙН ТӨРӨЛ | |
| Зүйлийн төрөл | Ном |
